Statistics for Physics Equations

Click here to take the quiz!

General Stats

  • This quiz has been taken 1,556 times
  • The average score is 3 of 5

Answer Stats

EquationAnswer% Correct
Force x DistanceWork
87%
Work over TimePower
74%
Unit For WorkJoules
62%
Output Work over Input Work x 100%Efficiency
61%
Output Force over Input forceMechanical Advantage
7%

Score Distribution

Percentile by Number Answered

Percent of People with Each Score

Your Score History

You have not taken this quiz